[Event "ESP-ch rapid"]
[Site "Linares"]
[Date "2016.08.14"]
[Round "9"]
[White "Jimenez Martinez, Jose Vicente"]
[Black "Collado Barbas, Laura"]
[Result "0-1"]
[WhiteElo "2329"]
[BlackElo "2113"]
[PlyCount "128"]
[EventDate "2016.08.14"]
[EventType "swiss (rapid)"]
[EventRounds "9"]
[EventCountry "ESP"]
[SourceTitle "CBM 173 Extra"]
[Source "ChessBase"]
[SourceDate "2016.08.29"]
[SourceVersion "1"]
[SourceVersionDate "2016.08.29"]
[SourceQuality "1"]

1. d4 d5 2. c4 e6 3. Nf3 c6 4. Bg5 Qb6 5. Qc2 Na6 6. a3 Bd7 7. e3 c5 8. cxd5 exd5 9. Nc3 Bc6 10. Be2 Be7 11. Bxe7 Nxe7 12. 0-0 0-0 13. Rfd1 Rfd8 14. Ne5 Be8 15. Bf3 cxd4 16. Rxd4 Qe6 17. Nd3 Bc6 18. Nf4 Qe5 19. Nd3 Qf6 20. Rf4 Qd6 21. Ne2 Ng6 22. Rd4 Nc7 23. Nb4 Ne6 24. Rd2 Rac8 25. Qd1 Nc7 26. Rc1 Ne5 27. Nd4 a5 28. Nf5 Qd7 29. Nxd5 Nxd5 30. Bxd5 Qxf5 31. e4 Qg6 32. f4 Bxd5 33. Rxc8 Rxc8 34. fxe5 Qb6+ 35. Kh1 Bxe4 36. h3 h6 37. Qg4 Qc6 38. Rd6 Qc4 39. e6 f5 40. Qg3 Re8 41. Rd7 Qc1+ 42. Kh2 Qxb2 43. e7 Qf6 44. Qc7 Kf7 45. Rd8 Rxe7 46. Qc4+ Qe6 47. Qf1 Qe5+ 48. Kg1 Qc5+ 49. Kh1 Qc3 50. Qe2 Qxh3+ 51. Kg1 Qc3 52. Qa2+ Kg6 53. Rd6+ Kg5 54. Rd2 Qe3+ 55. Rf2 Qe1+ 56. Kh2 Qe3 57. Qb2 h5 58. Qa2 h4 59. Re2 Qg3+ 60. Kg1 Rd7 61. Qa1 h3 62. Qc1+ Kh4 63. Rf2 h2+ 64. Kh1 Qxf2 0-1

[Event "ESP-ch 81st"]
[Site "Linares"]
[Date "2016.08.13"]
[Round "9"]
[White "Collado Barbas, Laura"]
[Black "Portela Peleteiro, Alberto"]
[Result "0-1"]
[WhiteElo "2113"]
[BlackElo "2340"]
[PlyCount "62"]
[EventDate "2016.08.05"]
[EventType "swiss"]
[EventRounds "9"]
[EventCountry "ESP"]
[SourceTitle "CBM 173 Extra"]
[Source "ChessBase"]
[SourceDate "2016.08.29"]
[SourceVersion "1"]
[SourceVersionDate "2016.08.29"]
[SourceQuality "1"]

1. d4 d6 2. Nf3 g6 3. c4 Bg7 4. Nc3 Nd7 5. e4 e5 6. d5 Ne7 7. g4 0-0 8. Be2 f5 9. gxf5 gxf5 10. exf5 Nf6 11. Bg5 h6 12. Bxf6 Rxf6 13. Qd2 Bxf5 14. Nh4 Bh7 15. Rg1 Rf4 16. Rg4 Ng6 17. Nxg6 Rxg4 18. Bxg4 Bxg6 19. Qe3 Qh4 20. Qg3 Qf6 21. Ke2 Kh7 22. Rg1 e4 23. Be6 Rf8 24. Qe3 h5 25. Nd1 Bh6 26. Qxa7 Qf3+ 27. Ke1 e3 28. Rg3 Qh1+ 29. Ke2 Bd3+ 30. Kxd3 Qxd1+ 31. Kc3 e2 0-1

[Event "Madrid-ch (Women)"]
[Site "Madrid"]
[Date "2016.05.28"]
[Round "6"]
[White "Collado Barbas, Laura"]
[Black "Rodriguez Camarillo, Diana"]
[Result "1-0"]
[WhiteElo "2097"]
[BlackElo "1676"]
[PlyCount "91"]
[EventDate "2016.05.19"]
[EventType "tourn"]
[EventRounds "6"]
[EventCountry "ESP"]
[SourceTitle "EXT 2019"]
[Source "ChessBase"]
[SourceDate "2018.10.10"]
[SourceVersion "1"]
[SourceVersionDate "2018.10.10"]
[SourceQuality "1"]

1. d4 d5 2. c4 c6 3. Nf3 Nf6 4. e3 g6 5. Nc3 Bg7 6. Be2 0-0 7. 0-0 Bg4 8. Qc2 Nbd7 9. b3 e6 10. Rd1 a6 11. Bb2 Rc8 12. h3 Bxf3 13. Bxf3 b5 14. a3 bxc4 15. bxc4 Nb6 16. c5 Nc4 17. Bc1 Rb8 18. Be2 Na5 19. Qa4 Nb3 20. Rb1 Qa5 21. Bb2 Qxa4 22. Nxa4 Ne4 23. Nb6 Ned2 24. Bxa6 Nxb1 25. Rxb1 Rfd8 26. f4 Nd2 27. Rc1 Ne4 28. Rc2 Nf6 29. a4 Nd7 30. a5 f6 31. Be2 Rb7 32. a6 Ra7 33. Nxd7 Rdxd7 34. Bc3 e5 35. Rb2 exd4 36. exd4 f5 37. Rb6 Rac7 38. Kf2 Bf6 39. Bd1 Bd8 40. Rb8 Kf7 41. Ba5 Ke7 42. Rxd8 Rxd8 43. Bxc7 Ra8 44. Be2 Kd7 45. Bb6 h6 46. a7 1-0